000 00405nam a22001697a 4500
005 20180131153334.0
008 160427b xxu||||| |||| 00| 0 eng d
020 _a81-8209245-0
041 _aeng
082 _b00392
_a004
100 _aLeon, Alexis
_94022
245 _aFundamentals of Information Technology
250 _a2nd ed
260 _aChennai
_bLeon Press,
_c2009
300 _a578
942 _cBK
999 _c124
_d124